Statistics for Guess what dessert!

Click here to take the quiz!

General Stats

  • This quiz has been taken 40 times
  • The average score is 7 of 15

Answer Stats

Answer% Correct
Donut
89%
Ice Cream
89%
Waffle
86%
Cupcake
83%
Baklava
71%
Cotton Candy
71%
Tiramisu
66%
Pavlova
37%
Lamington
34%
Sachertorte
29%
Gulab Jamun
23%
Tart
20%
Halo-Halo
14%
Koeksister
9%
Syrniki
9%

Score Distribution

Percentile by Number Answered

Percent of People with Each Score

Your Score History

You have not taken this quiz